Normal view
MARC view
Entry Personal Name
001 - CONTROL NUMBER
- control field: 62252
003 - CONTROL NUMBER IDENTIFIER
- control field: dpl
005 - DATE AND TIME OF LATEST TRANSACTION
- control field: 20240219115612.0
008 - FIXED-LENGTH DATA ELEMENTS
- fixed length control field: 240219|| aca||aabn | a|a d
040 ## - CATALOGING SOURCE
- Original cataloging agency: dpl
- Transcribing agency: dpl
100 ## - HEADING--PERSONAL NAME
- Personal name: Jha kumar, Abhimanyu
670 ## - SOURCE DATA FOUND
- Source citation: Work cat.: (dpl)200893: Jha kumar, Abhimanyu, BIOLOGY ; For NEET/, 2023
